|
|
|
|
| LEADER |
00000cam a22000004a 4500 |
| 001 |
musev2_1004 |
| 003 |
MdBmJHUP |
| 005 |
20230905040149.0 |
| 006 |
m o d |
| 007 |
cr||||||||nn|n |
| 008 |
051122s2006 alu o 00 0 eng d |
| 010 |
|
|
|z 2005034156
|
| 020 |
|
|
|a 9780817384395
|
| 020 |
|
|
|z 9780817353322
|
| 035 |
|
|
|a (OCoLC)650060163
|
| 040 |
|
|
|a MdBmJHUP
|c MdBmJHUP
|
| 043 |
|
|
|a n-us-fl
|
| 050 |
0 |
4 |
|a E99.S28
|b O88 2006
|
| 082 |
0 |
|
|a 975.9004/973859092
|a B
|2 22
|
| 100 |
1 |
|
|a Wickman, Patricia R.
|q (Patricia Riles)
|
| 245 |
1 |
0 |
|a Osceola's Legacy /
|c Patricia Riles Wickman.
|
| 250 |
|
|
|a Rev. ed.
|
| 264 |
|
1 |
|a Tuscaloosa :
|b University of Alabama Press,
|c 2006.
|
| 264 |
|
3 |
|a Baltimore, Md. :
|b Project MUSE,
|c 2012
|
| 264 |
|
4 |
|c ©2006.
|
| 300 |
|
|
|a 1 online resource (397 pages):
|b ill. ;
|
| 336 |
|
|
|a text
|b txt
|2 rdacontent
|
| 337 |
|
|
|a computer
|b c
|2 rdamedia
|
| 338 |
|
|
|a online resource
|b cr
|2 rdacarrier
|
| 500 |
|
|
|a "A Dan Josselyn memorial publication"--P. [ii].
|
| 504 |
|
|
|a Includes bibliographical references (p. [343]-361) and index.
|
| 505 |
0 |
|
|a A short life -- Family matters -- Man versus myth : setting the record straight -- Through the eyes of those who saw him -- A lonely grave -- The forensic report -- The search for Osceola's head -- The Weedon family -- The Weedon artifacts -- Osceola's hair -- Descendents east and west -- Pitcairn Morrison's mementos -- A far-flung legacy.
|
| 588 |
|
|
|a Description based on print version record.
|
| 600 |
0 |
0 |
|a Osceola,
|c Seminole chief,
|d 1804-1838
|v Portraits.
|
| 600 |
0 |
0 |
|a Osceola,
|c Seminole chief,
|d 1804-1838
|x Death and burial.
|
| 600 |
0 |
0 |
|a Osceola,
|c Seminole chief,
|d 1804-1838.
|
| 650 |
|
0 |
|a Seminole Indians
|x History.
|
| 650 |
|
0 |
|a Seminole Indians
|x Kings and rulers
|v Biography.
|
| 655 |
|
7 |
|a Electronic books.
|2 local
|
| 710 |
2 |
|
|a Project Muse.
|e distributor
|
| 830 |
|
0 |
|a Book collections on Project MUSE.
|
| 856 |
4 |
0 |
|z Texto completo
|u https://projectmuse.uam.elogim.com/book/1004/
|
| 945 |
|
|
|a Project MUSE - Custom Collection
|
| 945 |
|
|
|a Project MUSE - Archive Complete Foundation
|
| 945 |
|
|
|a Project MUSE - Archive US Regional Studies, South Foundation
|
| 945 |
|
|
|a Project MUSE - Archive Native American and Indigenous Studies Foundation
|